| 000 | 01126cam a2200277 a 4500 | ||
|---|---|---|---|
| 999 |
_c22876 _d22876 |
||
| 001 | 13520648 | ||
| 003 | OSt | ||
| 005 | 20200323102043.0 | ||
| 008 | 040312s2003 enkab b 001 0 eng | ||
| 020 | _a9780521539067 | ||
| 040 | _coclc | ||
| 082 | 0 | 0 |
_a297 _bWAI/I |
| 100 |
_aWaines, David _92149 |
||
| 245 | 1 | 3 |
_aAn Introduction to Islam / _cDavid Waines |
| 250 | _a2nd ed. | ||
| 260 |
_aCambridge ; _aNew York : _bCambridge University Press, _c2003. |
||
| 300 |
_a367 p. : _bill., map ; _c24 cm. |
||
| 504 | _aIncludes bibliographical references (p. 323-337) and index. | ||
| 650 | 0 | _aIslam. | |
| 856 | 4 | 2 |
_3Publisher description _uhttp://www.loc.gov/catdir/description/cam041/2004268226.html |
| 856 | 4 | 1 |
_3Table of contents _uhttp://www.loc.gov/catdir/toc/fy044/2004268226.html |
| 856 | 4 | 2 |
_3Contributor biographical information _uhttp://www.loc.gov/catdir/enhancements/fy0732/2004268226-b.html |
| 906 |
_a7 _bcbc _corigcop _d2 _encip _f20 _gy-gencatlg |
||
| 942 |
_2ddc _cBK _h297 _iWAI/I _k297 _mWAI/I |
||